| 000 | 00414nam a22001337a 4500 | ||
|---|---|---|---|
| 082 | _a MS-CCS 4 GHA | ||
| 100 |
_aUm-e-Ghazia _919853 |
||
| 245 | _aUsage based Access control for web based Application | ||
| 260 |
_a Islamabad _bNUST SEECS _c2013 |
||
| 300 |
_a91 P _eCD-Rom |
||
| 500 | _aSupervisors; Dr. Muhammad Awais Shibli | ||
| 856 | _uhttp://10.250.8.41:8080/xmlui/handle/123456789/8238 | ||
| 942 |
_cPR _2ddc |
||
| 999 |
_c12285 _d12285 |
||